00322nam a22000977a 4500008004100000082001900041100002800060245008800088260004000176300000800216230703b xxu||||| |||| 00| 0 eng d a352.06962bROK cOffice of the President aDistrict Focus for Rural DevelopmentbNational training Strategy for District Focus bOffice of the Presidentcmarch 1985 a33p